Hegemony or survival America's quest for global dominance

Saved in:
Bibliographic Details
Main Author: Chomsky, Noam
Format: Book
Language:English
Published: London Penguin Books 2004
Subjects:
Tags: Add Tag
No Tags, Be the first to tag this record!

MARC

LEADER 00000nam$a2200000$$$4500
001 0035288
005 20240312115721.2
020 |a 0-141-01505-5 
041 0 |a eng 
044 |a GB 
245 1 0 |a Hegemony or survival  |b America's quest for global dominance  |c Noam Chomsky 
264 1 |a London  |b Penguin Books  |c 2004 
300 |a 301 s. 
610 2 0 |a politika zahraničná 
610 2 0 |a moc politická 
610 2 0 |a globalizácia 
610 2 0 |a konflikty medzinárodné 
610 2 0 |a vojny 
610 2 0 |a terorizmus 
610 2 0 |a politika svetová 
610 2 0 |a vzťahy medzinárodné 
610 2 0 |a USA 
100 1 |a Chomsky, Noam